00409nam a2200145Ia 450000500170000000800410001708200120005810000220007024500780009226000400017030000090021065000200021994200070023999900170024620240821151450.0240821s9999||||xx |||||||||||||| ||und|| a374 STA aStaton, Thomas F. 0aHow to instruct successfully : Modern teaching methods in adult education aNew YorkbMcGraw-Hill Book Co.c196 a292p aAdult Education cBK c25728d25728